Professional measure (Record no. 69730)

MARC details
000 -LEADER
fixed length control field 00947cam a2200217 4500
001 - CONTROL NUMBER
control field ABS65192
008 - FIXED-LENGTH DATA ELEMENTS--GENERAL INFORMATION
fixed length control field 020307n2002 000 0 eng u
035 ## - SYSTEM CONTROL NUMBER
System control number (Sirsi) u117043
100 ## - MAIN ENTRY--PERSONAL NAME
Personal name Hillson, D.
245 ## - TITLE STATEMENT
Title Professional measure
260 ## - PUBLICATION, DISTRIBUTION, ETC.
Date of publication, distribution, etc. 2002
490 ## - SERIES STATEMENT
Series statement Project Management
Volume/sequential designation 14(1) February 2002, 32(1)
520 ## - SUMMARY, ETC.
Summary, etc. Looks at ways to measure professionalism, and whether that role should be carried out by a professional project manager. Reports on the development of a risk professionalism manifesto, aiming to provide a series of criteria against which the relationship between a risk management practitioner and a client can be tested, to determine whether it can be described as professional or not. Contains first draft of the manifesto.
590 ## - LOCAL NOTE (RLIN)
Local note ABS
650 ## - SUBJECT ADDED ENTRY--TOPICAL TERM
Topical term or geographic name entry element RISK MANAGEMENT
650 ## - SUBJECT ADDED ENTRY--TOPICAL TERM
Topical term or geographic name entry element PROFESSIONALISM
650 ## - SUBJECT ADDED ENTRY--TOPICAL TERM
Topical term or geographic name entry element COMPETENCE
690 ## - LOCAL SUBJECT ADDED ENTRY--TOPICAL TERM (OCLC, RLIN)
Topical term or geographic name as entry element Project management
9 (RLIN) 6261
700 ## - ADDED ENTRY--PERSONAL NAME
Personal name Ward, A.
942 ## - ADDED ENTRY ELEMENTS (KOHA)
Suppress in OPAC 0
Holdings
Withdrawn status Lost status Source of classification or shelving scheme Damaged status Not for loan Home library Current library Shelving location Date acquired Total Checkouts Full call number Barcode Date last seen Copy number Price effective from Koha item type
    Dewey Decimal Classification     London London Journal article 07/03/2002   ABS65192 117043-1001 06/08/2019 1 06/08/2019 Journal article